| 000 | 00613nam a2200217 a 4500 | ||
|---|---|---|---|
| 001 | 21521 | ||
| 003 | BD-RjUL | ||
| 005 | 20211209000709.0 | ||
| 008 | 140304s1956 pk 000 0 eng d | ||
| 035 | _a(BD-RjUL)21585 | ||
| 035 | _a(BD-RjUL) | ||
| 040 |
_aANL _beng _cANL _dSSL _dBD-RjUL |
||
| 041 | _aeng | ||
| 082 | 0 | 4 |
_a891.551009 _bSAP 1956 |
| 100 | 1 |
_aSadarangani, H. I. _966465 |
|
| 245 | 1 | 0 |
_aPersian poets of Sind / _c H. I. Sadarangani |
| 260 |
_aKarachi : _bSindhi Adabi Board, _c1956 |
||
| 300 |
_all,319p. [26] ; _c22cm. |
||
| 650 | 0 |
_aPersian poetry _xHistory and criticism. _966466 |
|
| 942 |
_2ddc _cBK |
||
| 999 |
_c21521 _d21521 |
||